British Geography Quiz #3 - Statistics

General Stats
  • This quiz has been taken 30,318 times
    29,882 since last reset
  • The average score is 13 of 20
Answer Stats
Hint Answer % Correct
Mythical creature depicted on the flag of Wales Dragon
97%
The oldest university in England Oxford
95%
British territory which Argentina invaded in 1982 {Falkland} Islands
92%
Wales has about 10 million of this animal, outnumbering people 3 to 1 Sheep
90%
Town famous for its white cliffs Dover
87%
Patron saint of England St. George
77%
Building in which all coronations have taken place since 1066 AD Westminster Abbey
77%
Largest of the Channel Islands Jersey
76%
English city known as Aquae Sulis to the Romans Bath
69%
Walled city in northern England founded by the Romans in 71 AD York
69%
City considered the "capital" of the Scottish Highlands Inverness
62%
The second most populous city in Northern Ireland Londonderry / Derry
61%
London borough in which the Royal Observatory can be found Greenwich
60%
Four British overseas territories are located in the Caribbean Sea. Name any one. British Virgin Islands / Cayman Islands / Montserrat / Anguilla
58%
City which lies just 9 miles east of Bradford Leeds
53%
Group of islands whose administrative center is Kirkwall Orkney
40%
Three-letter word which refers to a type of wetland similar to a bog Fen
38%
Most of the western coast of Wales borders this bay (hint: type of knitted garment) {Cardigan} Bay
36%
The largest island in Wales Anglesey
35%
Island on which you could find the British overseas territory of Akrotiri and Dhekelia Cyprus
34%
No matching quizzes found
Score Distribution
Percent of People with Each Score
Percentile by Number Answered
Your Score History
You have not taken this quiz since the last reset